LEADER 00740nas a2200169 i 4500 001 000000019818 003 CaOOAMICUS 005 20180830125444.0 008 180830n it u0 ita u 040 $aSeMil$bita 245 10$aAntiquariato :$bcollana di arti decorative /$cDiretta da Alvar Gonzalez-Palacios. 260 $aMilano :$bGruppo editoriale Fabbri,$c[19--?] 300 $av. ;$c30 cm. 700 1 $aGonzales-Palacios, Alvar.$0(OLS)http://semarc/name/8859 774 0 $tCeramiche in Europa dal Medioevo al 1925.$dMilano : Gruppo editoriale Fabbri, 1981.$w()19819 996 $6245$aAntiquariato :$bcollana di arti decorative$9(OLS)http://semarc/title/26084 996 $6260$aMilano :$bGruppo editoriale Fabbri$9(OLS)http://semarc/publisher/35209 LEADER 00564nab a2200145 i 4500 001 000000309787 003 CaOOAMICUS 005 20180831173001.0 008 180831n xx uu u0 0und r 013 $a18882 040 $aSeMil$bita 100 1 $aPavesi, Franciscus.$0(OLS)http://semarc/name/88207 245 10$aAd Eugeniam Augustam in funere Filii Ludovici Eugenii Napoleonis consolatio. Elegia. 773 0 $t[Gennaio-Giugno].$g564-567$w()273956 996 $6245$aAd Eugeniam Augustam in funere Filii Ludovici Eugenii Napoleonis consolatio. Elegia$9(OLS)http://semarc/title/384777